| 000 | 00451nam a2200157Ia 4500 | ||
|---|---|---|---|
| 008 | 220803s9999 xx 000 0 und d | ||
| 020 | _a9789881296818 | ||
| 041 | _aeng | ||
| 082 | _a712 STO | ||
| 100 |
_aStone W Ed. _925670 |
||
| 245 | _aLandscape Record : Brownfield Redevelopment And Landscape Design | ||
| 260 |
_achina _bHexiaooquiang Landscape Design Co. _c2014 |
||
| 300 | _a128p | ||
| 500 | _aLANDS | ||
| 650 |
_aLandscape Architecture _925671 |
||
| 999 |
_c16434 _d16434 |
||